Champions de France de rugby Pro D2. (1925 - …) - Statistiques

Statistiques générales
  • Ce quiz a été pris 2 472 fois
    14 depuis la dernière actualisation
  • Le résultat moyen est 30 sur 66
Statistiques - réponses
Titres Champion % Correct
2011 | 2014 | 2016 22279.png Lyon OU
100%
2018 | 2021 Logo_USA_Perpignan_2017.svg USA Perpignan
100%
2010 20684.png SU Agen
92%
2001 | 2006 | 2025 21954.png US Montauban
92%
2009 120px-Logo_Racing_M%C3%A9tro_92_%282%29.svg.png Racing Métro 92
92%
2019 | 2022 langfr-250px-Logo_Aviron_Bayonnais_Rugby_-_2022.svg.png Aviron bayonnais
92%
1926 | 1998 120px-Logo_Racing_Club_de_France_ann%C3%A9es_1980.png Racing club de France
92%
2024 120px-Logo_RC_Vannes_-_2022.svg.png RC Vannes
92%
2005 | 2008 22169.png RC Toulon
85%
2013 | 2017 | 2023 22277.png US Oyonnax
85%
1957 Club_athlétique_Brive_Corrèze_Limousin_logo.svg CA Brive
85%
1999 | 2002 22172.png Stade montois
77%
2015 22250.png Section paloise
77%
1951 | 2012 22252.png FC Grenoble
77%
1959 Logo_Stade_bordelais_rugby_2018.png Stade bordelais
77%
1996 Logo_Stade_français_PR_2018.svg Stade français Paris
77%
1925 Logo_ASM_Clermont_Auvergne_2019.svg AS montferrandaise
77%
2003 Logo_Montpellier_Hérault_rugby_2013.svg Montpellier RC
77%
1948 Logo_Stado_Tarbes_Pyrénées_Rugby_-_2017.svg Stade Tarbes Pyrénées
77%
2000 22236.png AS Béziers
69%
1934 Logo_Racing_Rugby_Club_de_Nice_années_1980.png RRC Nice
62%
1947 | 2004 | 2007 Logo_Football_club_Auch_Gers_2007.png FC Auch
62%
1939 | 1958 | 1966 Logo_US_Bressane_PA_2015.svg US bressane
54%
1975 120px-Logo_US_Carcassonne_-_2023.svg.png US Carcassonne
54%
1965 | 1971 | 1973 langfr-250px-Logo_Club_sportif_Bourgoin-Jallieu_rugby_%283%29.svg.png CS Bourgoin-Jallieu
54%
1936 LogoFCLyon.png FC Lyon
46%
1952 Lyon_saint_priest2.jpg Stade auto lyonnais
46%
1938 Avenir_Valencien_%28logo%29.svg Avenir valencien
38%
1983 Logo_Blagnac_Rugby_-_2017.svg Blagnac SCR
38%
1970 | 1976 Stade_Rodez_Aveyron_%28logo%29.svg Stade ruthénois
38%
1955 120px-CahorsRugby.gif Stade cadurcien
38%
1990 3054.jpg ASPTT Paris
31%
1994 Logo_Peyrehorade_SR.png Peyrehorade sports
31%
1933 Logo_Stade_nantais_2017.png Stade nantais
31%
1950 Logo_Club_Athlétique_Sports_Généraux.svg CASG Paris
31%
1935 Logo_Stade_poitevin_rugby_2020.png Stade poitevin
31%
1927 | 1928 CS_Vienne_%28logo%29.svg CS Vienne
31%
1968 langfr-250px-Logo_Saint-Jean-de-Luz_olympique_rugby.svg.png Saint-Jean-de-Luz OR
31%
1969 langfr-250px-Logo_Paris_UC.svg.png Paris université club
31%
1987 Logo_RACING_CLUB_VICHY_RUGBY_RCV.gif RC Vichy
23%
1985 Logo_Sporting_Club_mazamétain_2020.png SC Mazamet
23%
1972 US_Carmaux_logo.png US Carmaux
23%
1932 CS_Villefranche-sur-Saône_%28logo%29.svg CS Villefranche-sur-Saône
23%
1949 Logo_Sporting_club_graulhetois.png SC Graulhet
23%
1953 Avenir_Aturin.jpg Avenir aturin rugby
23%
1960 Logo_Union_sportive_Bergerac_rugby_2019.png US Bergerac
23%
1931 Logo_Union_athlétique_libournaise_2014.png UA Libourne
23%
1981 Logo_Union_sportive_tyrossaise.png US Tyrosse
23%
1964 US_Quillan.jpg Entente Quillan-Esperaza
23%
1954 | 1956 Logo_Stade_Olympique_Chambéry_Rugby_-_2019.svg SO Chambéry
23%
1997 Balma ORC
15%
1991 Fleury olympique
15%
1977 | 1988 union-sportive-vicquoise-xv.gif US vicquoise
15%
1961 Logo_Association_sportive_Saint-Junien_rugby.png AS Saint-Junien
15%
1980 Logo_Sport_athlétique_hagetmautien_2019.png SA Hagetmautien
15%
1979 | 1984 Logo_Union_montilienne_sportive_rugby.png US Montélimar
15%
1937 Logo_Sporting_Club_decazevillois.png SC decazevillois
15%
1962 GS_Figeac.gif GS Figeac
15%
1929 Logo_Association_sportive_roannaise_XV.png NAC Roanne
15%
1993 Logo_Céret_sportif.png Céret sportif
15%
1978 Logo_Société_athlétique_condomoise.png SA Condom
15%
1963 | 1982 Stade_Langonnais_%28logo%29.svg Stade langonnais
15%
1930 Logo_Amicale_sportive_bortoise.png AS bortoise
15%
1995 Logo_US_Cognac_2010.png US Cognac
15%
1986 Logo_Rugby_Club_Savoie_Rumilly_2018.png FCS Rumilly
15%
1967 | 1974 120px-Logo_Cercle_athl%C3%A9tique_castelsarrasinois_2021.png CA Castelsarrasinois
15%
Aucun quiz correspondant
Distribution des résultats
% des personnes avec chaque résultat
Percentile par nombre de réponses
Votre historique - résultats
Vous n’avez pas pris ce quiz depuis la dernière actualisation